| 000 | 00383nam a22001697a 4500 | ||
|---|---|---|---|
| 005 | 20160625104150.0 | ||
| 008 | 160625b xxu||||| |||| 00| 0 eng d | ||
| 020 | _a81-229-0195-6 | ||
| 041 | _aeng | ||
| 082 | _b10127 | ||
| 100 |
_aAlkins, Joseph B _92736 |
||
| 245 | _aThe Misson | ||
| 260 |
_bSurjeet _c2005 |
||
| 300 | _a232 | ||
| 650 |
_aMass Communication _92660 |
||
| 942 | _cBK | ||
| 999 |
_c3942 _d3941 |
||